00650nam a22001697a 450000500170000000800410001701700300005804000230008808200230011110000370013424501380017126000770030930000230038665000370040965000240044665100100047020240530110933.0220221s1966 ua c g b 000 0 ara d bمصر. دار الكتب aEG-CaGPLcEG-CaGPL04221a350.1 /bم ش01aمحمود رشاد الحداد10aشرح اللائحة الجديدة للعاملين فى القطاع العام / cتاليف محمود رشاد الحداد aالقاهرة : bمكتبة الاهرام الاقتصادى ،c1966 a110 ص ؛c20 سم07aالقطاع العام 2qrmak07aالعمال2qrmak 2qrmak